|
|
|
|
| LEADER |
00000nam a22000007a 4500 |
| 005 |
2015081105015.0 |
| 007 |
cr|||| |||| |
| 008 |
150811s2015 co |||||s|||| 00||0 spa d |
| 020 |
|
|
|a 978-958-771-174-5
|
| 035 |
|
|
|a 12767
|
| 040 |
|
|
|a vLex
|
| 090 |
|
|
|c 5508
|d 5508
|
| 100 |
1 |
|
|a Zuluaga Potes, Jorge Hernǹ
|
| 245 |
1 |
0 |
|a Cartilla impuesto al valor agregado 2015
|h [Recurso electrn̤ico] /
|c Jorge Hernǹ Zuluaga Potes
|
| 256 |
|
|
|a Servicio en ln̕ea
|
| 260 |
|
|
|a Bogot:̀
|b ECOE,
|c 2015
|
| 300 |
|
|
|a 1 recurso electrn̤ico
|
| 500 |
|
|
|a Con la expedicin̤ de la Ley 1739 de 2014, no fueron muchos los cambios que se establecieron para el Impuesto al Valor Agregado, por lo cual no ser ̀necesaria la expedicin̤ de normas reglamentarias a la Ley; en el transcurso del aǫ 2014 el Gobierno Nacional expidi ̤varios Decretos que modificaron especialmente apartes del procedimiento en las solicitudes de devolucin̤ general y las de carc̀ter especial como a turistas extranjeros y diplomt̀icos. La cartilla nuevamente recoge todos los temas inherentes y relacionados como el Impuesto al consumo, el procedimiento de las devoluciones y compensaciones de saldos a favor, pagos en exceso y de lo no debido, la facturacin̤ y como siempre se muestran casos prc̀ticos desarrollados y minuciosamente explicados.
|
| 506 |
1 |
|
|a Disponible solo en los productos indicados
|d vLex Global
|d vLex Global (Academic Edition, excluding Law Schools)
|d vLex Global (U.S. Academic Edition, Law Schools)
|d vLex Global (U.S. Academic Edition, excluding Law Schools)
|d vLex Global (Academic Edition, Law Schools)
|
| 650 |
0 |
4 |
|a Derecho Fiscal
|z Colombia
|
| 740 |
0 |
|
|a vLex Libros (Servicio en ln̕ea)
|
| 856 |
4 |
0 |
|u http://vlex.com/source/cartilla-impuesto-al-valor-agregado-2015-12767
|z Acceso restringido
|
| 942 |
|
|
|c BOOK
|
| 999 |
0 |
|
|a Tax Law
|